Number to Letter Decoding Quiz #2 - Statistics

General Stats
  • This quiz has been taken 24 times
  • The average score is 10 of 11
Answer Stats
Picture Answer % Correct
T
100%
B
95%
H
95%
O
95%
O
95%
T
95%
H
91%
R
91%
S
91%
U
91%
Toothbrush
73%
No matching quizzes found
Score Distribution
Percent of People with Each Score
Percentile by Number Answered
Your Score History
You have not taken this quiz